000 00494nam a22001817a 4500
003 OSt
005 20241128095628.0
008 241128b |||||||| |||| 00| 0 eng d
022 _29780122208560
040 _cmust
100 _4Doran,Pauline M.
245 _aBioprocess Engineering principles/
_cPauline M. Doran
260 _aSan Diego;
_bAcademic press:
_cC1995.
300 _axiv,439p.;
_bill.:
_c25cm.
500 _aIcludes Index
650 _2Bioprocess Engineering
942 _2ddc
_cB_BANK
999 _c9487
_d9487